| 000 | 00667nam a2200241 i 4500 | ||
|---|---|---|---|
| 001 | bg | ||
| 100 | 1 | _aSTEELE, Ross | |
| 245 | 1 | 0 |
_aRèvisions 2 [tests] : _b350 exercices niveau moyen / _cRoss Steele, Jane Zemiro. |
| 260 |
_aVanves : _bHachette, _ccop.1993. |
||
| 300 |
_a135 s. : _brys. ; _c25 cm. |
||
| 490 | 1 |
_aExerçons-nous, _x1142-768X |
|
| 650 | 9 | _aJęzyk francuski | |
| 655 | _aĆwiczenia i zadania | ||
| 700 | 1 | _aZEMIRO, Jane | |
| 830 |
_aExerçons-nous, _x1142-768X |
||
| 020 | _a201017769X | ||
| 040 | _cBPK | ||
| 041 | 0 | _afr | |
| 080 | _a811.133.1(076) | ||
| 920 | _a2-01-017769-X | ||
| 942 | _cKS | ||
| 008 | s pl f |000 0 pol | ||
| 999 |
_c36270 _d36270 |
||
| 856 |
_uhttp://koha.tu.koszalin.pl/cgi-bin/koha/opac-detail.pl?biblionumber=36270 _yKatalog online BPK |
||